00486nam a2200193 a 4500001001300000003000900013005001700022008004100039020000800080082002300088100001000111245002200121260003700143300000800180500003500188505002400223650003500247700001000282nice12345678IN_TiNIC20260116013537.0050524s1992 bana grp 000 0 eng  ac800a320.550917645bRSS aRss,  aWidening Horizons aBangalorebSahitya Sangamac1992 a32p aincludes index and biblioraphy2 aBibliography, Index aReligious Fundamentalism-Hindu1 aRss,